Vaidik sahitya ka itihas/ (Record no. 48733)

000 -LEADER
fixed length control field 00398nam a22001451a 4500
082 ## - DEWEY DECIMAL CLASSIFICATION NUMBER
Classification number S 294.592 1
Item number GAJ/V
100 ## - MAIN ENTRY--AUTHOR NAME
Personal name Gajanan Shastri Musalgaonkar
245 ## - TITLE STATEMENT
Title Vaidik sahitya ka itihas/
Statement of responsibility, etc by Gajanan Shastri Musalgaonkar
260 ## - PUBLICATION, DISTRIBUTION, ETC. (IMPRINT)
Place of publication Varanasi:
Name of publisher Chaukamba Sanskrit Sansthan,
Year of publication 1994.
300 ## - PHYSICAL DESCRIPTION
Number of Pages 452p.
650 ## - SUBJECT ADDED ENTRY--TOPICAL TERM
Topical Term Vedic Literature
650 ## - SUBJECT ADDED ENTRY--TOPICAL TERM
Topical Term Hinduism
650 ## - SUBJECT ADDED ENTRY--TOPICAL TERM
Topical Term Religion
942 ## - ADDED ENTRY ELEMENTS (KOHA)
Koha item type Book
Holdings
Withdrawn status Lost status Damaged status Not for loan Permanent Location Current Location Date acquired Cost, normal purchase price Full call number Accession Number Cost, replacement price Price effective from Koha item type
        Sree Sankaracharya University of Sanskrit Sree Sankaracharya University of Sanskrit 08.01.2015 120.00 S 294.592 1 GAJ/V 034573 0.00 08.01.2015 Book
        Sree Sankaracharya University of Sanskrit Sree Sankaracharya University of Sanskrit 08.01.2015 175.00 S 294.592 1 GAJ/V 057587 0.00 08.01.2015 Book